000 00633nam a2200205Ii 4500
003 JO-AjNU
008 230606s9999||||xx |||||||||||||| ||und||
020 _a10:0-534-36471-3 / 13:978-0-534-36471-7
040 _aJO-AjNU
_beng
_erda
_cJO-AjNU
041 _aeng
050 1 4 _aBF637.C6.B723.2000
100 3 _aBrems,Christiane,
_eauthor
_91127
245 0 0 _aDealing With Challenges in Psychotherapy and Counseling
264 3 1 _aAustralia:Books Cole,2000
300 _a321p
336 _atext
_btxt
_2rdacontent
337 _aunmediated
_bn
_2rdamedia
338 _avolume
_bnc
_2rdacarrier
650 4 _aCounseling-Psychotherapy
_91128
999 _aE590
_c590
_d590